000 00301nam a22001337a 4500
008 170511b xxu||||| |||| 00| 0 eng d
020 _a9781599411958
041 _aeng
080 _23 E D
_a34
100 _a15
101 _aSHJ
245 _aACADEMIC LEGAL WRITING
_cVOLOKH.E
942 _2udc
_cBK
999 _c13155
_d13155